All Empires of Hungary by Picture - Statistics

General Stats
  • This quiz has been taken 51 times
  • The average score is 5 of 8
Answer Stats
Picture Hint Answer % Correct
1526 – 1867 Habsburg Empire
98%
1945 – present Republic of Hungary
98%
1867 – 1918 Austro‑Hungarian Empire
95%
1000 – 1526 Kingdom of Hungary
71%
1918 – 1944 Kingdom of Hungary
71%
830 – 895 Tribal Confederation
32%
650 – 830 Khazar Khaganate
29%
895 – 1000 Principality of Hungary
27%
No matching quizzes found
Score Distribution
Percent of People with Each Score
Percentile by Number Answered
Your Score History
You have not taken this quiz